| 000 | 02542nam a22003614a 4500 | ||
|---|---|---|---|
| 005 | 20100326133826.0 | ||
| 008 | 060327s2006 ii b 001 0 eng | ||
| 010 | _aB-360791-797 | ||
| 020 |
_a9780195679182 _c265.00 |
||
| 020 |
_a0195679180 _c265.00 |
||
| 035 | _aB-360791-797 | ||
| 037 | _bUppal Book Store | ||
| 040 |
_adpl _bEnglish |
||
| 082 | _a302.23430954 | ||
| 245 |
_aFingerprinting popular culture : _bthe mythic and the iconic in Indian cinema / _cedited by Vinay Lal and Ashis Nandy |
||
| 260 |
_aNew Delhi _bOxford University Press _c2008 |
||
| 270 |
_aYMCA Library Building, Jai Singh Road, _bNew Delhi _e110001 |
||
| 300 |
_axxvii, 197 p. ; _c22 cm(pbk) |
||
| 504 | _aIncludes bibliographical references and index. | ||
| 650 |
_aMotion pictures _xSocial aspects _zIndia. |
||
| 650 |
_aMotion pictures _xPolitical aspects _zIndia. |
||
| 700 | _aLal, Vinay | ||
| 700 | _aNandy, Ashis | ||
| 942 |
_2ddc _cEN _mFIN _h302.23430954 |
||
| 999 |
_c34865 _d34865 |
||